Statistics for ALL Rocket League Levels

Click here to take the quiz!

General Stats

  • This quiz has been taken 40 times
  • The average score is 6 of 8

Answer Stats

levelAnswer% Correct
0-10ROOKIE
88%
60-70LEGEND
81%
30-40VETERAN
81%
50-60MASTER
78%
20-30PRO
78%
40-50EXPERT
75%
10-20SEMI-PRO
69%
70+ROCKETIERS
6%

Score Distribution

Percentile by Number Answered

Percent of People with Each Score

Your Score History

You have not taken this quiz